Biggest Countries by Population 1907 - Statistics

General Stats
  • This quiz has been taken 61 times
  • The average score is 20 of 24
Answer Stats
Population Country % Correct
419 million Qing China
98%
172 million Russian Empire
96%
21 million Spanish Empire
96%
96 million United States
96%
51 million Dutch Empire
93%
80 million French Empire
93%
12 million Mexico
93%
391 million British Empire
91%
78 million German Empire
91%
21 million Ottoman Empire
91%
35 million Italian Empire
89%
20 million Brazil
88%
45 million Japanese Empire
88%
12 million Portuguese Empire
86%
7 million Persia
82%
6 million Belgium
80%
5 million Argentina
77%
50 million Austria-Hungary
77%
12 million Korean Empire
75%
7 million Siam
71%
5 million Canada
70%
14 million Abyssinia
66%
6 million Romania
57%
9 million Morocco
27%
No matching quizzes found
Score Distribution
Percent of People with Each Score
Percentile by Number Answered
Your Score History
You have not taken this quiz